| 000 | 00449nam a2200193Ia 4500 | ||
|---|---|---|---|
| 008 | 170918s9999 xx 000 0 und d | ||
| 020 | _a553582763 | ||
| 050 | _bK828by 2002 | ||
| 100 | _aKoontz, Dean | ||
| 245 | _aBy the light of the moon / | ||
| 245 | _cby Dean Koontz. | ||
| 260 | _aNew York : | ||
| 260 | _bBantam Books, | ||
| 260 | _c2002 | ||
| 300 | _a460 pages : | ||
| 300 | _billustrations ; | ||
| 300 | _c17cm. | ||
| 500 | _a1200 | ||
| 999 |
_c343850 _d343850 |
||